Adresár verejných knižníc na Slovensku

Bibliographic Details
Format: Article
Language:Slovak
ISSN:1335-7026
Subjects:
Online Access:http://www.snk.sk/images/snk/NBU/Kniznica/10_2002/Adresar.pdf

MARC

LEADER 00000nab a2200000 a 4500
001 vtls000815466
003 SK-MaSNL
005 20260304113439.0
008 250429c2002 xo 0 slo
015 |a SNBRB2002/12-38633 
035 |a CLN000167121 
035 |a urn:nbn:sk:snk-abbvyq 
035 |a (urnnbn)urn:nbn:sk:snk:ar-000q8e 
035 |a (uuid)868960af-9244-4025-b1ac-ac21424e06b7 
040 |a SNKBUCL  |b slo  |c SNKBUCL  |e AACR2 
041 0 |a slo 
044 |a xo  |c SK 
080 |a 027.5(437.6)(03)  |2 1997 
245 0 0 |a Adresár verejných knižníc na Slovensku 
650 0 7 |a knižnice verejné  |z Slovensko  |x adresáre  |2 snkbucl  |9 1416779 
655 7 |a články z novín a časopisov  |2 snkbucl  |9 267496 
773 0 |t Knižnica  |g Roč. 3, č. 10 (2002)  |g Roč. 3, č. 10 (2002), s. 1-6  |x 1335-7026  |x 1335-7026 
773 0 |t Príloha k časopisu Knižnica  |g Roč. 3, č. 10 (2002)  |g Roč. 3, č. 10 (2002), s. 1-6  |x 1335-7026  |x 1335-7026 
850 |a Slovenská národná knižnica 
852 |a Slovenská národná knižnica 
856 4 1 |u http://www.snk.sk/images/snk/NBU/Kniznica/10_2002/Adresar.pdf 
954 |a odborná, vedecká literatúra pôvodná (slovenská)  |2 lita 
958 |a article15 
958 |a OND 
958 |a KL 
958 |a SK 
958 |a EUIPO 
992 |a RBX 
999 |c 2869421  |d 2871351